Doing business in Sharjah.
| Format: | Book |
|---|---|
| Published: |
Tijara:
Sharjah Chamber of Commerce and Industry,
[199-].
|
| Subjects: |
| LEADER | 00458cam a2200157 7i4500 | ||
|---|---|---|---|
| 001 | 0000005429 | ||
| 005 | 20070321090000.0 | ||
| 002 | ##000007062 | ||
| 020 | 0 | 0 | |a T000005550 |
| 090 | 0 | 0 | |a U.AE 338.7 |b DOI |
| 245 | 0 | 0 | |a Doing business in Sharjah. |
| 260 | 0 | 0 | |a Tijara: |b Sharjah Chamber of Commerce and Industry, |c [199-]. |
| 300 | # | # | |a 95 p.. |
| 650 | 0 | 0 | |a Business -- |z Sharjah |
| 651 | 0 | 0 | |a United Arab Emirates |
| 999 | |a 0000008381 |b Book |c Open shelf |e Business Information Centre | ||